000 00718cab a2200229 4500
001 WB3431-19
008 090401t1998 xxu||||| |||| 00| 0 eng d
035 _a(Sirsi) u88008
041 _aeng
245 _aHouse design for ethnic minorities
260 _c1998
350 _a0
490 _aGuardian
_v14 August 1998, 10(1)
520 _aHouse design should account for the diverse cultural and religious needs of ethnic minorities in Britain, according to a multi-cultural guide by the National Housing Federation.
650 _aARCHITECTURE
650 _aETHNIC MINORITIES
650 _aHOUSE DESIGN
650 _aNATIONAL HOUSING FEDERATION
690 _aHOUSING
942 _n0
948 _c14/08/1998
999 _c55565
_d55565